Where to Eat Green Eggs and Ham Quiz Stats

 Plays Quiz Updated Mar 17, 2020

     
Support Sporcle.
Go Orange.
Score 0/13 Timer 06:00
0 Plays Today
% Correct
With a Fox
86.2%
In a Box
85%
On a Train
83.5%
In a House
83.5%
On a Boat
81.4%
With a Mouse
80.9%
With a Goat
74.3%
Here
71.3%
There
69.9%
In the Rain
69.9%
In a Tree
60.1%
In a Car
59.5%
In the Dark
53.5%

From the Vault

Complete the Pokémon Move

by lt2009

Gaming 5m
Now if we were talking about dance moves, Pikachu's favorite would be the electric slide.
Remove Ads.
Support Sporcle.
Get the best of Sporcle when you Go Orange. This ad-free experience offers more features, more stats, and more fun while also helping to support Sporcle. Thank you for becoming a member.

Show Comments

Extras

Top Quizzes Today


Score Distribution

Your Account Isn't Verified!

In order to create a playlist on Sporcle, you need to verify the email address you used during registration. Go to your Sporcle Settings to finish the process.

Report this User

Report this user for behavior that violates our Community Guidelines.

Details: